000 00640cab a2200205 4500
001 ABS39063
008 090401t1988 xxu||||| |||| 00| 0 eng d
035 _a(Sirsi) u14158
041 _aeng
245 _aCan you measure up to the acreage challenge?
260 _c1988
350 _a0
490 _aChartered Surveyor Weekly
_v24(3) 28 April 1988, 33(1)
520 _aLooks at the importance of accurate acreage calculations , how they can be achieved and cautionary tales of the problems of inaccuracy.
650 _aBoundary disputes
_96221
650 _aMeasurement
_96256
690 _aLAND
942 _n0
948 _c04/03/1997
999 _c9193
_d9193